000 00341nam a2200133Ia 4500
008 220204s9999 xx 000 0 und d
082 _a577.24
_bHOL
100 _aHolbrook, Nikki J
245 0 _aCellular aging and cell death
260 _aNew York
_bWiley-Liss Inc
_c1996
650 _aApoptosis
650 _aOxidative stress
942 _cBK
999 _c42256
_d42256